LEADER 01148nam a2200289 i 4500 001 991000790669707536 005 20020507173630.0 008 940510s1992 it ||| | eng 035 $ab10757740-39ule_inst 035 $aLE01302373$9ExL 040 $aDip.to Matematica$beng 041 0 $aengita 082 0 $a510 084 $aAMS 00B25 110 2 $aAccademia Navale di Livorno$0535035 245 10$aConvegno sulle applicazioni della matematica in campo navale :$bproblemi tecnici e gestionali :$bLivorno 4-8 maggio 1992 /$cAccademia Navale 260 $aLivorno :$bAccademia Navale,$c[1992] 300 $a150 p., tables ;$c30 cm. 500 $aIn testa alla coper.: Accademia Navale di Livorno 500 $aIncl. Bibliography and Index 650 4$aProceedings of conferences 907 $a.b10757740$b21-09-06$c28-06-02 912 $a991000790669707536 945 $aLE013 00B ANL11 (1992)$g1$i2013000147062$lle013$o-$pE0.00$q-$rl$s- $t0$u1$v0$w1$x0$y.i10852268$z28-06-02 996 $aConvegno sulle applicazioni della matematica in campo navale$9923036 997 $aUNISALENTO 998 $ale013$b01-01-94$cm$da $e-$feng$git $h0$i1